|
|
|
|
| LEADER |
00000nam0a2200000 4500 |
| 001 |
261805 |
| 005 |
20231101233609.0 |
| 035 |
|
|
|a (RuTPU)RU\TPU\book\284786
|
| 090 |
|
|
|a 261805
|
| 100 |
|
|
|a 20140527d1937 k y0rusy50 ca
|
| 101 |
0 |
|
|a rus
|
| 102 |
|
|
|a UA
|
| 105 |
|
|
|a a z 000zy
|
| 200 |
1 |
|
|a Теплотехнические расчеты для конструкции печей и их эксплоатации
|f В. Хейлигенштедт
|
| 210 |
|
|
|a Харьков
|c Гос. научно-техн. изд-во Украины
|d 1937
|
| 215 |
|
|
|a 170 с.
|c ил.
|
| 606 |
1 |
|
|a Печи
|x Теплотехнические расчеты
|2 stltpush
|3 (RuTPU)RU\TPU\subj\31387
|9 54250
|
| 610 |
1 |
|
|a конструкции
|
| 610 |
1 |
|
|a эксплуатация
|
| 610 |
1 |
|
|a тепловой баланс
|
| 610 |
1 |
|
|a горение
|
| 610 |
1 |
|
|a теплопередача
|
| 610 |
1 |
|
|a теплопроводность
|
| 610 |
1 |
|
|a нагрев
|
| 610 |
1 |
|
|a теплообмен
|
| 675 |
|
|
|a 66.041
|v 3
|
| 700 |
|
1 |
|a Хейлигенштедт
|b В.
|g Вернер
|
| 801 |
|
1 |
|a RU
|b 63413507
|c 20140527
|
| 801 |
|
2 |
|a RU
|b 63413507
|c 20140829
|g RCR
|
| 942 |
|
|
|c BK
|